[Event "Stay Safe Play From Home 347"]
[Site "Emanuel Lasker Arena"]
[Date "2020.07.31"]
[Round "3"]
[White "Gibiz144"]
[Black "TheCHESSHOUSE"]
[Result "0-1"]
[WhiteElo "1594"]
[BlackElo "2140"]
[Annotator "NA"]
[PlyCount "52"]
[EventDate "2020.07.31"]
[EventType "swiss (blitz)"]

1. d4 {[%emt 0:00:01]} Nf6 {[%emt 0:00:01]} 2. Bg5 {[%emt 0:00:01]} c5 {[%emt 0:00:01]} 3. Bxf6 {[%emt 0:00:01]} gxf6 {[%emt 0:00:00]} 4. dxc5 {[%emt 0:00:01]} Qa5+ {[%emt 0:00:01]} 5. c3 {[%emt 0:00:01]} Qxc5 {[%emt 0:00:01]} 6. e3 {[%emt 0:00:01]} Nc6 {[%emt 0:00:01]} 7. Bd3 {[%emt 0:00:01]} Bg7 {[%emt 0:00:01]} 8. Qc2 {[%emt 0:00:01]} d5 {[%emt 0:00:00]} 9. Bxh7 {[%emt 0:00:02]} Nb4 {[%emt 0:00:04]} 10. cxb4 {[%emt 0:00:10]} Qxb4+ {[%emt 0:00:02]} 11. Nc3 {[%emt 0:00:02]} f5 {[%emt 0:00:05]} 12. Bxf5 {[%emt 0:00:02]} Bxf5 {[%emt 0:00:00]} 13. Qxf5 {[%emt 0:00:02]} Qxb2 {[%emt 0:00:00]} 14. Rd1 {[%emt 0:00:13]} Bxc3+ {[%emt 0:00:03]} 15. Kf1 {[%emt 0:00:02]} e6 {[%emt 0:00:01]} 16. Qd3 {[%emt 0:00:02]} Bf6 {[%emt 0:00:02]} 17. Nf3 {[%emt 0:00:02]} Rc8 {[%emt 0:00:03]} 18. g3 {[%emt 0:00:03]} Rc2 {[%emt 0:00:02]} 19. Rd2 {[%emt 0:00:04]} Rc1+ {[%emt 0:00:07]} 20. Kg2 {[%emt 0:00:01]} Qa1 {[%emt 0:00:00]} 21. Rxc1 {[%emt 0:00:02]} Qxc1 {[%emt 0:00:00]} 22. Rc2 {[%emt 0:00:01]} Qa3 {[%emt 0:00:02]} 23. Qb5+ {[%emt 0:00:01]} Kf8 {[%emt 0:00:01]} 24. Qxb7 {[%emt 0:00:01]} Kg7 {[%emt 0:00:01]} 25. Rc7 {[%emt 0:00:02]} Qf8 {[%emt 0:00:02]} 26. Qxa7 {[%emt 0:00:02]} Rxh2+ {[%emt 0:00:02] Zeit (Lag: Av=0.75s, max=1.0s) .} 0-1

[Event "Stay Safe Play From Home 347"]
[Site "Emanuel Lasker Arena"]
[Date "2020.07.31"]
[Round "3"]
[White "Trotsky"]
[Black "Nuktotitakoi"]
[Result "0-1"]
[WhiteElo "1573"]
[BlackElo "2254"]
[Annotator "TA"]
[PlyCount "68"]
[EventDate "2020.07.31"]
[EventType "swiss (blitz)"]

{[%evp 11,67,-16,1,-6,6,0,0,-22,4,-26,-44,-179,-185,-180,-165,-268,-267,-241,-248,-267,-262,-354,-374,-737,-487,-662,-677,-616,-133,-843,-843,-29996,-216,-378,-333,-566,-563,-554,-557,-502,-281,-258,-271,-29993,-1517,-29998,-29998,-29998,-29991,-29998,-29998,-29998,-29998,-29998,-29998,-29998,-29999,-29999]} 1. d4 c5 2. e3 cxd4 3. exd4 Nf6 4. c4 d5 5. Be3 Nc6 6. Nc3 e6 7. a3 {B13: Caro-Kann: Exchange Variation and Panov-Botvinnik Attack.} Be7 8. Nf3 O-O 9. c5 {The position is equal.} b6 {[#]} 10. Bd3 $146 ({Predecessor:} 10. cxb6 Qxb6 11. Bd3 Ba6 12. Na4 Qb7 13. O-O Bxd3 14. Qxd3 Rab8 15. Rfc1 Rfc8 16. Bf4 {1-0 (31) Murcia Paredes,A (2147)-Edwards,R (1932) Benidorm 2014}) 10... bxc5 11. Qc2 (11. dxc5 $15 Ng4 12. b4) 11... c4 $19 12. Be2 Ng4 13. h4 (13. Bf4 $142) 13... Nxe3 14. fxe3 Bd6 15. Ng5 {[%csl Gg5][%cal Rc2h7]} g6 16. O-O-O Rb8 17. Kb1 $2 (17. Rdf1) 17... Qe7 18. Ka1 {[#]} Bxa3 $1 {[%mdl 512]} 19. Rb1 (19. bxa3 Qxa3+) 19... Nb4 $2 (19... Bb4 $19 {has better winning chances.} 20. Bd1 Bxc3 21. Qxc3 Rb6) 20. Qd1 $2 {[%mdl 8192] [#]} (20. Qd2 $17 Nc6 21. bxa3 Qxa3+ 22. Na2) 20... Nd3 $1 {[%cal Ra3b2]} 21. Bxd3 {[#]} cxd3 $2 (21... Bxb2+ $1 {[%mdl 512] mates} 22. Rxb2 {[#]} Qa3+ $1 {[%mdl 576] Double Attack} 23. Ra2 Qxc3+ {[%mdl 64] Double Attack} 24. Rb2 Qxb2#) 22. Qxd3 $2 (22. bxa3 Qxa3+ {[%mdl 64] Double Attack} 23. Na2) 22... Rb6 23. e4 $2 (23. Na4 {was called for.} Ra6 24. Qxa3 Qxa3+ 25. bxa3 Rxa4 26. Rb3) 23... Ba6 24. Qc2 Rc8 25. exd5 Bxb2+ {[%mdl 64] Remove Defender, Decoy} 26. Rxb2 Qa3+ {[%mdl 64] Double Attack} 27. Kb1 $2 (27. Ra2 $19 Rxc3 28. Rb1) 27... Rxc3 (27... Rxb2+ $142 28. Qxb2 Bd3+ 29. Kc1 Rxc3+ 30. Kd2 Qxb2+ 31. Ke3 Bf5+ 32. Kf4 Qb8+ 33. d6 Qxd6#) 28. Qf2 Rxb2+ {Black mates.} 29. Qxb2 Rb3 {[%csl Gb3][%cal Ra3b2][%mdl 64] Pin} 30. Kc1 Qxb2+ 31. Kd1 Qe2+ 32. Kc1 Rc3+ 33. Kb1 Bd3+ 34. Ka1 Ra3# {White got outplayed after the opening. Accuracy: White = 18%, Black = 57%.} 0-1

[Event "Stay Safe Play From Home 347"]
[Site "Emanuel Lasker Arena"]
[Date "2020.07.31"]
[Round "4"]
[White "Nuktotitakoi"]
[Black "SelamiSahin"]
[Result "1-0"]
[WhiteElo "2254"]
[BlackElo "2155"]
[Annotator "TA"]
[PlyCount "87"]
[EventDate "2020.07.31"]
[EventType "swiss (blitz)"]

{[%evp 9,87,-12,14,7,14,-2,10,10,95,96,153,89,162,85,165,92,421,421,511,514,512,507,557,547,560,560,553,513,510,491,546,439,1331,525,1261,955,848,668,904,910,922,926,923,766,761,766,745,740,29996,2056,29990,29990,29990,793,1305,1193,871,870,850,820,1044,914,905,905,29971,29972,29975,29972,29976,29977,29978,29977,29977,29978,29974,29972,29970,29971,29984,29985]} 1. e4 c6 2. Nc3 d5 3. d4 dxe4 4. Nxe4 Nf6 5. Ng3 g6 (5... c5 $5) 6. Be2 {B15: Caro-Kann: 3 Nc3: 3...g6 and 3...dxe4 4 Nxe4 Nf6 5 Nxf6+ exf6.} Bg7 7. h4 {[#]} O-O $146 ({Predecessor:} 7... Qc7 8. Nf3 h5 9. Bg5 Be6 10. Qd2 Nbd7 11. Bf4 Qb6 12. c3 Rd8 13. Qc2 Nd5 {1-0 (27) Rieck,H (1928)-Dziomba,A (1608) Sooden Allendorf 2015}) 8. h5 {The position is equal.} b6 (8... c5 $11 {remains equal.}) 9. hxg6 $16 hxg6 (9... fxg6 $142 10. Nf3 Qd5) 10. Be3 (10. Bh6 $142 $1) 10... Bb7 (10... Re8 $16 {was worth a try.}) 11. Nf3 (11. Bh6 $18 Bxh6 12. Rxh6) 11... Nbd7 (11... Ng4 $16) 12. Qd2 (12. Bh6 $1 $18 {[%cal Rh6g7] Hoping for Bxg7.} Bxh6 13. Rxh6) 12... e6 $2 {[%mdl 8192]} (12... Ng4 $16 {is a better chance.}) 13. Bh6 $18 {Bxg7 is the strong threat.} Ng4 14. Bxg7 Kxg7 15. Qf4 Ndf6 16. Ne5 Rh8 17. Rxh8 Qxh8 18. Nxg4 Nxg4 19. Bxg4 Qh4 20. O-O-O {Threatens to win with Rh1.} Rd8 (20... Qh6 $142 21. Qxh6+ Kxh6) 21. Qe5+ Kg8 22. Ne4 c5 23. Nf6+ Kf8 24. g3 Qh2 25. Qc7 {aiming for Bxe6.} Rxd4 26. Rxd4 cxd4 27. Qb8+ Kg7 28. Ne8+ Kh6 {[#]} 29. Qxb7 (29. Qf4+ $142 $1 Kh7 30. Qxf7+ {[%mdl 64] Double Attack} Kh6 31. Qf8+ Kh7 32. Qg7#) 29... Qg1+ 30. Bd1 Qxf2 31. Qf3 (31. Qh1+ $142 Kg5 32. Qh4+ Kf5 33. Qf6+ {[%mdl 64] Double Attack} Ke4 34. Qxf2 Kd5 {[#]} 35. c4+ $1 {[%mdl 512]} dxc3 36. Qf3+ {[%mdl 64] Double Attack} Kd4 37. Qxc3+ Ke4 38. Bf3+ Kf5 39. Qf6#) 31... Qe3+ 32. Qxe3+ dxe3 33. Be2 f5 34. Nd6 e5 35. Nc4 f4 36. Nxe5 g5 37. gxf4 {White mates.} gxf4 38. Nf3 Kg6 39. c4 Kf5 40. b3 {[%cal Bb2b3,Bb3b4,Bb4b5][%mdl 32]} Ke4 41. Kc2 Kf5 42. Kc3 Ke4 43. b4 a5 44. b5 {Black got outplayed after the opening. Accuracy: White = 47%, Black = 18%.} 1-0

[Event "Stay Safe Play From Home 347"]
[Site "Emanuel Lasker Arena"]
[Date "2020.07.31"]
[Round "4"]
[White "Little champs"]
[Black "Mepe_Nika"]
[Result "0-1"]
[WhiteElo "2174"]
[BlackElo "2373"]
[Annotator "TA"]
[PlyCount "108"]
[EventDate "2020.07.31"]
[EventType "swiss (blitz)"]

{[%evp 12,107,0,-2,0,-16,-10,-22,-5,-5,1,-6,-11,-21,-5,-14,-12,-20,-10,-55,-23,-54,-56,-84,-59,-180,-86,-157,-45,-60,-55,-83,-81,-118,-118,-176,-145,-352,-348,-988,0,0,0,0,0,-173,0,-155,-137,-98,-10,-139,-122,-661,-654,-720,-683,-860,-726,-1114,-1125,-29987,-29974,-29987,-29985,-29988,-29989,-29989,-29989,-29989,-29989,-29990,-29989,-29992,-29993,-29993,-29994,-29994,-29995,-29995,-29994,-29994,-29995,-29995,-29996,-29996,-29996,-29997,-29996,-29996,-29995,-29995,-29996,-29996,-29997,-29997,-29997,-29999]} 1. d4 d5 2. e3 c6 3. Nf3 Nf6 4. Be2 Bg4 5. O-O e6 6. Ne5 Bxe2 7. Qxe2 Nbd7 {D04: Colle System.} 8. f4 Ne4 9. Nd2 {[#]} Nxd2 $146 {The position is equal.} ({Predecessor:} 9... Ndf6 10. c4 g6 11. c5 Nxd2 12. Bxd2 Ne4 13. b4 Bg7 14. b5 Bxe5 15. fxe5 O-O {½-½ (23) Myrenfors,S-Stark,I (1757) Halmstad 2013}) 10. Bxd2 Bd6 11. c4 O-O 12. Rf3 f6 13. Nxd7 Qxd7 14. Rh3 f5 15. g4 g6 16. gxf5 exf5 17. Kh1 Rae8 18. Rg1 {[#]} (18. Qd3 $15) 18... Qe6 (18... Bxf4 $1 $19 {[%mdl 512]} 19. Qg2 (19. exf4 Rxe2) 19... Bc7 20. cxd5 Qxd5 21. Qxd5+ cxd5) 19. Qg2 (19. cxd5 $142 cxd5 20. Qd3) 19... Qe4 ({Black should try} 19... dxc4 $17 20. Rg3 Be7) 20. cxd5 cxd5 21. Rf3 Rc8 {And now ...Rc2 would win.} 22. Bc3 b5 23. a3 {[#]} (23. Rf2 $17) 23... a5 $1 {[%mdl 512]} 24. Bxa5 $2 (24. Rf2 $17) 24... Rc2 $19 25. Rf2 $2 (25. Qg3 Rxb2 26. Bb4 Bxb4 27. axb4) 25... Rfc8 $2 (25... Rxf2 $19 26. Qxe4 fxe4) 26. Qxe4 $11 dxe4 27. Rxc2 Rxc2 {[%mdl 4096] Endgame KRB-KRB} 28. Bc3 $2 (28. Rg2 $11 Rc1+ 29. Rg1) 28... Re2 $2 (28... Bxa3 $1 $19 29. Rg2 Rc1+ 30. Rg1 Rxg1+ 31. Kxg1 b4) 29. Rg3 $2 (29. Re1 $11 Rc2 30. Rg1) 29... Kf7 $17 30. Kg1 Ke6 ({Better is} 30... h5 $17) 31. h3 {White is now going downhill.} (31. h4 $11 {remains equal.}) 31... Kd5 32. Rg2 $2 {[%mdl 8192]} (32. Kf1 $17 Rh2 33. Rg2 Rxh3 34. Ke2) 32... Rxe3 $19 33. Rf2 Rxh3 34. Rd2 Bxf4 {Strongly threatening ...Rxc3.} 35. Rd1 g5 36. b3 g4 {Black mates.} 37. a4 bxa4 38. bxa4 Rxc3 {KRB-KR} 39. a5 Ra3 40. Rb1 Rxa5 41. Rb7 Kxd4 42. Rxh7 Ke3 43. Rb7 Kf3 44. Rb3+ e3 45. Rb1 g3 46. Rf1+ Kg4 47. Re1 Ra2 48. Rb1 e2 49. Re1 Be3+ 50. Kg2 Bf2 51. Rb1 e1=Q {[%mdl 64] Back Rank} 52. Rxe1 Bxe1+ 53. Kf1 g2+ 54. Kxe1 g1=Q# {Accuracy: White = 25%, Black = 59%.} 0-1

[Event "Stay Safe Play From Home 347"]
[Site "Emanuel Lasker Arena"]
[Date "2020.07.31"]
[Round "4"]
[White "TheCHESSHOUSE"]
[Black "Edmatuag"]
[Result "1-0"]
[WhiteElo "2142"]
[BlackElo "1729"]
[PlyCount "69"]
[EventDate "2020.07.31"]
[EventType "swiss (blitz)"]

1. d4 {[%emt 0:00:01]} c6 {[%emt 0:00:00]} 2. c4 {[%emt 0:00:00]} d6 {[%emt 0:00:00]} 3. Nc3 {[%emt 0:00:03]} Nd7 {[%emt 0:00:00]} 4. e4 {[%emt 0:00:00]} a6 {[%emt 0:00:01]} 5. Nf3 {[%emt 0:00:00]} b5 {[%emt 0:00:01]} 6. a3 {[%emt 0:00:01]} Nb6 {[%emt 0:00:02]} 7. cxb5 {[%emt 0:00:02]} axb5 {[%emt 0:00:02]} 8. Be3 {[%emt 0:00:00]} Ba6 {[%emt 0:00:01]} 9. Be2 {[%emt 0:00:01]} Qc7 {[%emt 0:00:01]} 10. O-O {[%emt 0:00:01]} O-O-O {[%emt 0:00:01]} 11. Rc1 {[%emt 0:00:00]} Kb8 {[%emt 0:00:02]} 12. e5 {[%emt 0:00:00]} Qb7 {[%emt 0:00:03]} 13. Qb3 {[%emt 0:00:03]} d5 {[%emt 0:00:02]} 14. a4 {[%emt 0:00:02]} Nc4 {[%emt 0:00:01]} 15. axb5 {[%emt 0:00:02]} Bxb5 {[%emt 0:00:05]} 16. Na4 {[%emt 0:00:05]} e6 {[%emt 0:00:08]} 17. Rfe1 {[%emt 0:00:05]} Nh6 {[%emt 0:00:04]} 18. Bxc4 {[%emt 0:00:04]} Bxc4 {[%emt 0:00:03]} 19. Qc2 {[%emt 0:00:01]} Bb3 {[%emt 0:00:04]} 20. Nc5 {[%emt 0:00:04]} Bxc2 {[%emt 0:00:04]} 21. Nxb7 {[%emt 0:00:01]} Kxb7 {[%emt 0:00:01]} 22. Rxc2 {[%emt 0:00:00]} Bb4 {[%emt 0:00:01]} 23. Ra1 {[%emt 0:00:02]} Ra8 {[%emt 0:00:01]} 24. Rac1 {[%emt 0:00:00]} Rhc8 {[%emt 0:00:01]} 25. Ne1 {[%emt 0:00:02]} Nf5 {[%emt 0:00:02]} 26. Nd3 {[%emt 0:00:01]} Nxe3 {[%emt 0:00:01]} 27. fxe3 {[%emt 0:00:00]} Be7 {[%emt 0:00:02]} 28. Kf2 {[%emt 0:00:00]} Ra5 {[%emt 0:00:02]} 29. Kf3 {[%emt 0:00:01]} Rca8 {[%emt 0:00:00]} 30. b4 {[%emt 0:00:01]} R5a6 {[%emt 0:00:01]} 31. Nc5+ {[%emt 0:00:01]} Bxc5 {[%emt 0:00:01]} 32. Rxc5 {[%emt 0:00:00]} Rb6 {[%emt 0:00:01]} 33. Rb1 {[%emt 0:00:01]} Rb8 {[%emt 0:00:01]} 34. b5 {[%emt 0:00:01]} Kc7 {[%emt 0:00:01]} 35. Rbc1 {[%emt 0:00:01] Time (Lag: Av=0.78s, max=1.0s) '} 1-0

[Event "Stay Safe Play From Home 347"]
[Site "Emanuel Lasker Arena"]
[Date "2020.07.31"]
[Round "4"]
[White "Hickey"]
[Black "NTBT_DHS"]
[Result "0-1"]
[WhiteElo "2066"]
[BlackElo "2602"]
[Annotator "TA"]
[PlyCount "120"]
[EventDate "2020.07.31"]
[EventType "swiss (blitz)"]

{[%evp 17,120,-39,-42,-66,-10,-14,-7,-15,-16,-11,-5,-10,0,-17,-19,-27,0,-23,0,-46,-55,-54,-33,-65,-44,-64,-43,-45,34,-2,0,-8,-14,-54,0,-35,-42,-34,45,0,116,-81,-68,-70,-29,-1135,0,0,-12,-52,-38,-63,-9,-70,-64,-127,-35,-30,-57,-194,-199,-394,-383,-387,-384,-412,-388,-329,-46,-54,-8,-8,0,0,8,0,8,-8,8,-8,8,-333,-370,-785,-9,-972,-902,-29984,-686,-29985,-8,-17,-17,-17,-17,-12846,-12311,-29988,-7158,-29989,-29990,-29991,-29992,-29993,-197]} 1. Nf3 g6 2. g3 Bg7 3. Bg2 Nf6 4. O-O O-O 5. d4 d5 6. c4 dxc4 7. Nc3 c6 8. Ne5 Be6 9. e4 Nbd7 10. Nf3 {D78: Fianchetto Grünfeld: 6 0-0 c6.} Nb6 (10... Bg4 $15) 11. Be3 $11 Bg4 12. h3 {The position is equal.} Bxf3 13. Bxf3 {[#]} Nfd7 $146 ({Predecessor:} 13... e6 14. Qe2 Qe7 15. Bg5 h6 16. Be3 Rfd8 17. Rfd1 Rac8 18. e5 Nfd5 19. Ne4 Rc7 {0-1 (63) Carteron,O (1680)-Rasle,C (1770) Loire 2013}) 14. Be2 e6 15. a4 a5 16. Kg2 f5 17. Qc2 Qe7 18. Rfd1 g5 19. exf5 exf5 20. Qd2 f4 21. gxf4 gxf4 22. Bxf4 Rf6 (22... Kh8 $15) 23. Bg3 (23. Kh1 $5 {[%cal Rf4g5]}) 23... Raf8 24. Re1 Qf7 {[%cal Rf6f2]} 25. Bg4 Kh8 (25... h5 $15 26. Bd1 Nd5) 26. Rad1 Nd5 {Strongly threatening ...h5.} 27. Ne4 Rg6 (27... Bh6 $15 28. Qe2 (28. Qxa5 Rg6 $11) 28... Nf4+ 29. Bxf4 Rxf4) 28. Nd6 (28. Ng5 $5 {[%cal Rg5f7]} Nf4+ 29. Bxf4 Qxf4 30. Qxf4 Rxf4 31. Kg3 Rxg4+ 32. Kxg4 $14) 28... Qf6 (28... Nf4+ $11 {keeps the balance.} 29. Qxf4 Qxf4 30. Bxf4 Rxf4 31. Re8+ (31. Nxb7 h5 $17 {[%mdl 64] Pin}) 31... Nf8 32. Nxc4 h5 {[%mdl 64] Pin}) 29. Bxd7 $2 {[#]} (29. Re6 $1 $16 {[%cal Re6f6] keeps the pressure on.} Nf4+ 30. Qxf4 Qxe6 31. Qxf8+ $1 {[%mdl 512]} (31. Bxe6 Rxf4 32. Bg4 Rgxg4 $11) 31... Nxf8 32. Bxe6 Nxe6 33. Nxb7) 29... Qxd6 $1 $17 30. Bg4 Qf6 31. Be5 $4 {[%mdl 8192]} (31. Kh1 $11) 31... Qg5 $2 ({Black should try} 31... Qf3+ $19 32. Kh2 Bxe5+ 33. dxe5 Rxg4) 32. Qxg5 $11 Rxg5 33. Bxg7+ (33. Bd6 {is more complex.} Rd8) 33... Kxg7 34. Re5 h6 (34... Nf4+ $15 35. Kh2 Rxe5 36. dxe5 Nd3) 35. Rxg5+ (35. Kg3 $11) 35... hxg5 {[%mdl 4096] Endgame KRB-KRN} 36. Kg3 (36. Re1 $15) 36... Re8 (36... Nb6 $17 37. Re1 Nxa4) 37. Rc1 $15 Nb6 38. Bf3 {[#]} ({Better is} 38. b3 $15) 38... Rd8 $1 $19 ({Resist} 38... Nxa4 39. Rxc4 Nxb2 40. Rc3 $17) 39. Rd1 $2 (39. d5 cxd5 40. Bd1) 39... Nxa4 40. Rd2 {[#]} Nc5 $1 {[%mdl 512]} 41. Kg4 (41. dxc5 Rxd2) 41... Ne6 42. d5 cxd5 $2 (42... Kf6 $19 {...cxd5 is the strong threat.} 43. d6 Ke5) 43. Rxd5 $15 Rxd5 (43... Kf6 {is interesting.} 44. Rf5+ Ke7 45. Rb5 a4 46. Rxb7+ Kf6) 44. Bxd5 $19 {KB-KN} Nc7 45. Bxc4 Kf6 46. Bd3 b5 47. Bc2 b4 48. h4 Ne6 49. Bb3 $2 {[%mdl 8192]} (49. hxg5+ $11 Nxg5 50. Kf4) 49... gxh4 50. Bc4 $2 (50. Kxh4 Nc5 51. Bg8) 50... Nd4 $2 (50... a4 $19 {Threatens to win with ...Ke5.} 51. Kxh4 Nc5) 51. Kh3 $2 {[%mdl 8192]} (51. Kxh4 $11 a4 52. Kg4) 51... Nf3 52. Kg4 Nd2 (52... Ne5+ $142 53. Kh3 Nxc4 54. b3 a4 55. bxc4 b3 56. c5 b2 57. Kxh4 b1=Q 58. c6 a3 59. c7 Qf5 60. c8=Q Qxc8 61. Kg3 a2 62. Kh4 a1=Q 63. Kg3 Qg1+ 64. Kf4 Qf5+ 65. Ke3 Qgxf2#) 53. Kxh4 Ne4 $2 (53... Nxc4 54. b3 Nd2 55. Kg3 Nxb3 56. Kh3 a4 57. Kg4 a3 58. Kf4 a2 59. Kg3 a1=Q 60. Kf4 Qd4+ 61. Kf3 Nd2+ 62. Ke2 Ne4 63. Kf3 Kf5 64. Kg2 Qxf2+ 65. Kh3 Ng5#) 54. Kg4 Nxf2+ 55. Kf3 Nd1 {Hoping for ...Ke5.} 56. Ke2 $2 {[%mdl 8192]} (56. b3 $11) 56... Nxb2 57. Kd2 a4 (57... Nxc4+ $142 58. Kc2 a4 59. Kd1 b3 60. Kc1 a3 61. Kd1 a2 62. Ke2 b2 63. Kf2 b1=Q 64. Kg3 a1=Q 65. Kh3 Qf5+ 66. Kh2 Qf4+ 67. Kh3 Qh1#) 58. Kc2 Nxc4 {Black mates.} 59. Kb1 b3 60. Ka1 Na3 $2 {Accuracy: White = 33%, Black = 47%.} (60... a3 {mates} 61. Kb1 b2 62. Kc2 a2 63. Kc3 b1=Q 64. Kd4 a1=Q+ 65. Kd5 Qe5+ 66. Kxc4 Qbb5#) 0-1

[Event "Stay Safe Play From Home 347"]
[Site "Emanuel Lasker Arena"]
[Date "2020.07.31"]
[Round "4"]
[White "Stefanone"]
[Black "Klasman"]
[Result "1-0"]
[WhiteElo "2046"]
[BlackElo "1316"]
[PlyCount "59"]
[EventDate "2020.07.31"]
[EventType "swiss (blitz)"]

1. d4 {[%emt 0:00:01]} f5 {[%emt 0:00:01]} 2. e3 {[%emt 0:00:00]} e6 {[%emt 0:00:02]} 3. f4 {[%emt 0:00:00]} Nf6 {[%emt 0:00:01]} 4. Nf3 {[%emt 0:00:00]} d5 {[%emt 0:00:01]} 5. Bd3 {[%emt 0:00:00]} c5 {[%emt 0:00:02]} 6. Qe2 {[%emt 0:00:00]} c4 {[%emt 0:00:01]} 7. Bxc4 {[%emt 0:00:01]} dxc4 {[%emt 0:00:02]} 8. Qxc4 {[%emt 0:00:00]} Nc6 {[%emt 0:00:01]} 9. Qe2 {[%emt 0:00:00]} Bd6 {[%emt 0:00:02]} 10. c3 {[%emt 0:00:01]} Qb6 {[%emt 0:00:02]} 11. Nbd2 {[%emt 0:00:01]} Bd7 {[%emt 0:00:02]} 12. Ne5 {[%emt 0:00:00]} Bxe5 {[%emt 0:00:02]} 13. fxe5 {[%emt 0:00:01]} Nd5 {[%emt 0:00:02]} 14. O-O {[%emt 0:00:01]} O-O {[%emt 0:00:02]} 15. e4 {[%emt 0:00:01]} fxe4 {[%emt 0:00:03]} 16. Nxe4 {[%emt 0:00:01]} Rxf1+ {[%emt 0:00:02]} 17. Qxf1 {[%emt 0:00:00]} Rf8 {[%emt 0:00:01]} 18. Qe2 {[%emt 0:00:01]} Nf4 {[%emt 0:00:03]} 19. Bxf4 {[%emt 0:00:01]} Rxf4 {[%emt 0:00:02]} 20. Nd6 {[%emt 0:00:00]} Qd8 {[%emt 0:00:06]} 21. Rf1 {[%emt 0:00:01]} Rxf1+ {[%emt 0:00:02]} 22. Qxf1 {[%emt 0:00:01]} Qf8 {[%emt 0:00:02]} 23. Qe2 {[%emt 0:00:01]} Qf4 {[%emt 0:00:03]} 24. g3 {[%emt 0:00:01]} Qc1+ {[%emt 0:00:02]} 25. Kg2 {[%emt 0:00:01]} Be8 {[%emt 0:00:02]} 26. Qf2 {[%emt 0:00:02]} Bg6 {[%emt 0:00:02]} 27. h4 {[%emt 0:00:02]} Ne7 {[%emt 0:00:01]} 28. g4 {[%emt 0:00:01]} Qc2 {[%emt 0:00:02]} 29. Qxc2 {[%emt 0:00:02]} Bxc2 {[%emt 0:00:02]} 30. h5 {[%emt 0:00:00] Time (Lag: Av=0.39s, max=0.5s)} 1-0

[Event "Stay Safe Play From Home 347"]
[Site "Emanuel Lasker Arena"]
[Date "2020.07.31"]
[Round "4"]
[White "Buzaglo"]
[Black "AChessPlayer"]
[Result "0-1"]
[WhiteElo "1856"]
[BlackElo "2437"]
[Annotator "TA"]
[PlyCount "152"]
[EventDate "2020.07.31"]
[EventType "swiss (blitz)"]

{[%evp 16,151,53,52,62,-91,-28,-33,-35,-58,-17,-57,75,58,65,68,82,9,13,-2,24,11,120,110,191,187,262,248,318,300,247,127,122,65,75,11,14,12,7,-10,0,0,0,-10,-10,-15,-16,-82,-83,-348,-387,-407,-407,-407,-407,-394,-394,-394,-308,-466,-455,-491,-370,-1354,-1387,-1343,-1241,-1380,-1291,-12837,-691,-12836,-12834,-12834,-12834,-12841,-7324,-2514,-2416,-12838,-12839,-12841,-12840,-12842,-12837,-12843,-12839,-12846,-12830,-12843,-12844,-12845,-12845,-12850,-12846,-12850,-27999,-27999,-27999,-27999,-27999,-27999,-27999,-27998,-27999,-27998,-27999,-27998,-27999,-27998,-27999,-27998,-27999,-27999,-27999,-27999,-27999,-27999,-27999,-27998,-27999,-27999,-27999,-27999,-27999,-27999,-27999,-27999,-27999,-27999,-27998,-27999,-27998,-27999,-27998,-27999,-27999,-27999]} 1. d4 Nf6 2. Nf3 g6 3. g3 Bg7 4. Bg2 O-O 5. O-O d6 6. c4 Nbd7 7. Nc3 c5 8. e4 cxd4 9. Nxd4 Ne5 {[#] E65: King's Indian: Fianchetto: 6...c5 7 0-0 without d5 by White.} 10. Nf3 $146 {[#]} (10. b3 $14) ({Predecessor:} 10. b3 Bd7 11. h3 Rc8 12. Be3 a6 13. Rc1 Re8 14. Nd5 Nxd5 15. exd5 f5 16. f4 Nf7 17. Re1 b5 18. Ne6 {1-0 (60) Shafigullina,Z (2296)-Tsyhanchuk,S (2322) chess.com INT 2020}) 10... Nxc4 (10... Bg4 $17 11. Bf4 Nxc4) 11. Qe2 $11 Nb6 {Black is slightly better.} 12. e5 dxe5 13. Rd1 Bd7 (13... Nfd5 $15 {stays ahead.} 14. Nxd5 Nxd5) 14. Nxe5 $16 Qc8 15. Nxd7 Nfxd7 16. Nb5 ({White should try} 16. a4 $16 {Threatens to win with a5.} a5 17. Be3 (17. Qxe7 Re8 $16)) 16... a6 17. Nd4 e5 18. Nf3 Re8 (18... f5 $11) 19. Be3 Qb8 (19... e4 $16) 20. Rac1 Re6 (20... h6 $142 21. Nd2 Rc8 22. Rxc8+ Qxc8) 21. Ng5 $18 Rd6 22. Rxd6 Qxd6 23. Ne4 (23. Bxb7 $18 Rb8 24. Qxa6) 23... Qe7 $16 24. Nc5 (24. Rc7 $16 {aiming for Bxb6.} Nd5 25. Rxb7 Nxe3 26. Qxe3) 24... Rc8 {[%cal Rd7c5]} 25. Nxd7 (25. b4 $16) 25... Rxc1+ $11 26. Bxc1 Qxd7 27. h4 h5 28. Be3 Nc8 29. Qc2 Ne7 30. Bg5 Nc6 31. Bxc6 (31. Qb3 $11 {remains equal.}) 31... Qxc6 $17 32. Qxc6 $4 {[%mdl 8192]} (32. Qd2 $17) 32... bxc6 $11 {[%mdl 4096] Endgame KB-KB} 33. b3 e4 34. Be3 f5 35. Kf1 Kf7 36. Ke2 Ke6 37. f3 (37. Kd1 {keeps fighting.}) 37... Kd5 38. fxe4+ Kxe4 39. Bg5 $2 (39. Bf4 Bf6 40. Bc7) 39... Be5 $19 40. Kf2 Kd3 41. Kf3 Kc2 42. Bf4 Bf6 (42... Bxf4 $142 43. Kxf4 a5) 43. Bd6 Kb2 44. Kf4 Kxa2 45. Be5 Be7 46. b4 Kb3 47. b5 cxb5 48. Bg7 a5 49. Ke5 a4 50. Ke6 Bd8 51. Bf6 Bc7 52. Kf7 Bxg3 53. Kxg6 {[#]} Bxh4 $1 54. Kxh5 (54. Bxh4 a3) 54... f4 55. Kg4 Bxf6 56. Kxf4 {Black mates.} a3 57. Ke3 a2 58. Ke4 a1=Q 59. Kf5 Qe5+ 60. Kg6 Bd8 61. Kf7 Ba5 62. Kg8 Be1 63. Kf7 Kc4 64. Kg6 b4 65. Kf7 b3 66. Kg8 b2 67. Kf7 Qc7+ 68. Kg6 b1=Q+ 69. Kh5 Qch7+ 70. Kg4 Qbg6+ 71. Kf3 Qhf7+ 72. Ke2 Qge6+ 73. Kd1 Qfd7+ 74. Kc2 Qe3 75. Kb1 Qb3+ 76. Kc1 Qdd1# {What a bad dream for White. Accuracy: White = 45%, Black = 63%.} 0-1